Konvertibilita - požehnání nebo iluze?

V ekonomikách s centrálne plánovanou ekonomikou jestvuje tzv. kvalitatívny gap, to je najnižšia kvalita výrobkov, nižšia intelektuálna vybavenosť podnikov, horšie možnosti vstúpiť do súťaže o trhy. Pri prekonávaní tohto gapu vzniká otázka, či "plná liberalizácia, či protekcionizmus". Prezentácia mod...

Full description

Saved in:
Bibliographic Details
Main Author: Turek, Otakar
Format: Book Chapter
Language:Czech
Subjects:
Tags: Add Tag
No Tags, Be the first to tag this record!

MARC

LEADER 00000naa a2200000 4500
001 r007753
005 20220831090747.2
041 0 |a cze 
044 |a [CS] 
245 1 0 |a Konvertibilita - požehnání nebo iluze?  |c O. Turek 
520 |a V ekonomikách s centrálne plánovanou ekonomikou jestvuje tzv. kvalitatívny gap, to je najnižšia kvalita výrobkov, nižšia intelektuálna vybavenosť podnikov, horšie možnosti vstúpiť do súťaže o trhy. Pri prekonávaní tohto gapu vzniká otázka, či "plná liberalizácia, či protekcionizmus". Prezentácia modelu, ktorý je pokusom prekonať kvalitatívny gap a náčrt potrebnej hospodárskej politiky. Vyslovenie obáv, že krok ku konvertibilite bol predčasný a že devalvácia a liberalizácia neprinesú očakávané výsledky. 
610 2 0 |a politika hospodárska 
610 2 0 |a ČSFR 
610 2 0 |a reformy hospodárske 
610 2 0 |a protekcionizmus 
610 2 0 |a liberalizácia 
610 2 0 |a konvertibilita 
610 2 0 |a modely ekonomické 
100 1 |a Turek, Otakar